LEADER 01282nam a2200253 i 4500 001 000000162360 003 CaOOAMICUS 005 20080219000000.0 008 080219s1979 it u000 u ita u 013 $a139724 040 $aSeMil$bita 100 1 $aComitato di collegamenti di cattolici.$0(OLS)http://semarc/name/42966 245 13$aUn movimento di cattolici e di popolo per rinnovare il paese :$batti del convegno del 5 maggio 1979, Milano /$cComitato di collegamenti di cattolici ; [documento presentato a cura di Roberto Formigoni]. 260 $aCesano Maderno :$bGraphica Vaghi,$c1979. 300 $a100 p. ;$c21 cm. 500 $aSupll. Agenzia ALP n. 10. - Fondo Card. Giovanni Colombo. 650 4$aCattolici italiani - Attivitą politica - Sec. 20.$0(OLS)http://semarc/subject/17801 700 1 $aFormigoni, Roberto.$0(OLS)http://semarc/name/42168 850 $aSeMil 852 $aSeMil$W1$xVenegono$y1$m5D V 17/17$j113711$B113711$CSeMilBibl$Z2$F131689 $81 941 1 $a3 961 $aLascito: Colombo Card. Giovanni 996 $6245$aUn movimento di cattolici e di popolo per rinnovare il paese :$batti del convegno del 5 maggio 1979, Milano$9(OLS)http://semarc/title/146007 996 $6260$aCesano Maderno :$bGraphica Vaghi$9(OLS)http://semarc/publisher/44554 LEADER 01608nam a2200301 i 4500 001 000000173554 003 CaOOAMICUS 005 20080722000000.0 008 080722s2004 it u000 u ita u 013 $a151007 020 $a88-215-5014-1 040 $aSeMil$bita 110 2 $aAssociazione teologica italiana per lo studio della morale.$0(OLS)http://semarc/name/2260 245 10$aSperanza umana e speranza escatologica :$b[Atti del 20. Congresso nazionale dell'ATISM, Benevento, 9-12 settembre 2002] /$cAssociazione teologica italiana per lo studio della morale ; a cura di Romano Altobelli e Salvatore Privitera. 260 $aCinisello Balsamo :$bSan Paolo,$c2004. 300 $a313 p. ;$c22 cm. 490 0 $aTeologia morale : studi e testi ;$v11 650 4$aSperanza - Teologia.$0(OLS)http://semarc/subject/366 650 4$aTeologia morale - Atti di congressi.$0(OLS)http://semarc/subject/18499 700 1 $aPrivitera, Salvatore <1945-2004>.$0(OLS)http://semarc/name/2522 700 1 $aAltobelli, Romano.$0(OLS)http://semarc/name/62560 830 0$aTeologia morale : studi e testi ;$v11.$0(OLS)http://semarc/title/255 850 $aSeMil 852 $aSeMil$W1$xVenegono$y1$m2E V 121$j124399$B124399$CSeMilBibl$Z2$F135462 $81 961 $aAcquisto: DEA 996 $6020$a88-215-5014-1$9(OLS)http://semarc/number/161239 996 $6245$aSperanza umana e speranza escatologica :$b[Atti del 20. Congresso nazionale dell'ATISM, Benevento, 9-12 settembre 2002]$9(OLS)http://semarc/title/248646 996 $6260$aCinisello Balsamo :$bSan Paolo$9(OLS)http://semarc/publisher/30129